000 00385nam a2200145Ia 4500
008 100415s9999 xx 000 0 und d
082 _b12312
_a803
100 _aCollins, F Howard
245 _aAuthor's And Printer Dictonary
260 _aLONDON
_c1946
_bOUP
365 _b0
630 _aAuthor's And Printer Dictonary
730 _aAuthor's And Printer Dictonary
942 _cBOOK
999 _c595229
_d595226